000 01177nam a2200385 i 4500
001 11894
003 KOSZ 005
005 20221128144009.0
008 071020s1969 pl a f |000 0 pol
015 _aPB 1969/4800
035 _a(OCoLC)839015090
040 _aWA N
_cKOSZ 005/EG
_dKOSZ 005/EG
_dKOSZ 005/HR
041 _apol
046 _k1969
080 _a331
080 _a316
080 _a658.1/.5
100 1 _aMatejko, Aleksander
_d(1924-1999)
_eAutor
245 1 0 _aSocjologia zakładu pracy /
_cAleksander Matejko.
250 _aWyd. 2.
260 _aWarszawa :
_b"Wiedza Powszechna",
_c1969.
300 _a425, [3] s., [6] k. tabl. :
_bil. ;
_c18 cm.
380 _aKsiążki
490 1 _aSygnały.
504 _aBibliogr.
658 _aSocjologia i społeczeństwo
658 _aGospodarka, ekonomia, finanse
650 4 _aPraca
650 4 _aSocjologia
650 4 _aPrzemysł
710 2 _aPaństwowe Wydawnictwo Wiedza Powszechna
_4pbl.
856 _uhttp://koha.tu.koszalin.pl/cgi-bin/koha/opac-detail.pl?biblionumber=11894
_yKatalog online BPK
830 0 _aSygnały
942 _2UKD
_cKS
999 _c11894
_d11894